[Event "Kvika Reykjavik Open 2022"]
[Site "Reykjavik, Iceland"]
[Date "2022.04.09"]
[Round "5.45"]
[White "Player, Edmund C"]
[Black "Gudmundsson, Gunnar Erik"]
[Result "1-0"]
[WhiteElo "2196"]
[BlackElo "1904"]
[PlyCount "93"]
[EventDate "2022.??.??"]

1. e4 {[%eval 33,0]} c5 {[%eval 32,0]} 2. Nf3 {[%eval 0,0]} Nc6 {[%eval 0,0]}
3. Bb5 {[%eval 51,0]} g6 {[%eval 59,0]} 4. Bxc6 {[%eval 62,0]} dxc6 {[%eval 44,
0]} 5. d3 {[%eval 36,0]} Bg7 {[%eval 59,0]} 6. h3 {[%eval 5,0]} e5 {[%eval 55,
0]} 7. Be3 {[%eval 5,0]} b6 {[%eval 36,0]} 8. a4 {[%eval 53,0]} a5 {[%eval 69,
0]} 9. Nbd2 {[%eval 48,0]} Qc7 {[%eval 5,0]} 10. Nc4 {[%eval 33,0]} Be6 {
[%eval 51,0]} 11. O-O $6 {[%eval 11,0] Inaccuracy. c3 was best.} (11. c3) 11...
Ne7 $6 {[%eval 59,0] Inaccuracy. Bxc4 was best.} (11... Bxc4 12. dxc4 Nf6 13.
Nd2 O-O 14. Ra3 Ne8 15. Rd3 Nd6 16. Re1 Rae8 17. f3 f5 18. Bf2) 12. Nfd2 {
[%eval 37,0]} O-O {[%eval 91,0]} 13. b4 $6 {[%eval 0,0] Inaccuracy. f4 was
best.} (13. f4 exf4 14. Bxf4 Qd8 15. Kh1 f5 16. Be5 Bxe5 17. Nxe5 Qd6 18. Ndf3
g5 19. Qd2 h6) 13... axb4 {[%eval 11,0]} 14. a5 {[%eval 9,0]} bxa5 {[%eval 12,
0]} 15. Bxc5 {[%eval 0,0]} Rfe8 {[%eval 31,0]} 16. Ra4 {[%eval 5,0]} Qb8 $4 {
[%eval 258,0] Blunder. Nd5 was best.} (16... Nd5 17. Qa1 Nf4 18. Rxa5 Rxa5 19.
Qxa5 Qxa5 20. Nxa5 Bh6 21. Ndc4 Ne2+ 22. Kh2 Bxc4 23. Nxc4) 17. Qa1 {[%eval
207,0]} Qb5 $6 {[%eval 285,0] Inaccuracy. Nd5 was best.} (17... Nd5 18. Rxa5
Nf4 19. Rb1 Qc8 20. Rxa8 Qxa8 21. Qxa8 Rxa8 22. Rxb4 h5 23. Be3 Ne2+ 24. Kh2)
18. Rxa5 {[%eval 315,0]} Rxa5 {[%eval 274,0]} 19. Qxa5 {[%eval 207,0]} Bxc4 $6
{[%eval 388,0] Inaccuracy. Qxa5 was best.} (19... Qxa5 20. Nxa5 Ra8 21. Bxb4 c5
22. Bc3 g5 23. Rb1 Ng6 24. Rb5 Bf8 25. Ndc4 f6 26. Rb7) 20. Nxc4 {[%eval 378,0]
} Nc8 $6 {[%eval 492,0] Inaccuracy. Qxa5 was best.} (20... Qxa5) 21. Qxb4 {
[%eval 426,0]} Qxb4 {[%eval 422,0]} 22. Bxb4 {[%eval 442,0]} Bf8 {[%eval 403,0]
} 23. Bxf8 {[%eval 436,0]} Kxf8 {[%eval 433,0]} 24. Rb1 {[%eval 425,0]} f6 {
[%eval 403,0]} 25. Na5 {[%eval 413,0]} Ne7 {[%eval 411,0]} 26. Rb6 {[%eval 398,
0]} Rc8 {[%eval 407,0]} 27. Kf1 {[%eval 346,0]} Kf7 {[%eval 407,0]} 28. Ke2 {
[%eval 344,0]} f5 $6 {[%eval 507,0] Inaccuracy. g5 was best.} (28... g5 29. Rb7
Ke6 30. Ra7 h5 31. Ke3 Ng6 32. g3 h4 33. Kf3 Ne7 34. Kg4 hxg3 35. fxg3) 29. Nc4
{[%eval 493,0]} Ke6 {[%eval 527,0]} 30. Rb7 {[%eval 500,0]} fxe4 {[%eval 587,0]
} 31. dxe4 {[%eval 548,0]} Re8 {[%eval 559,0]} 32. Ra7 $6 {[%eval 409,0]
Inaccuracy. h4 was best.} (32. h4 h6 33. Ra7 Kf6 34. Rd7 Nc8 35. Rc7 Ne7 36.
Ke3 g5 37. h5 g4 38. Ra7 Rc8) 32... g5 {[%eval 396,0]} 33. g3 {[%eval 407,0]}
h5 {[%eval 387,0]} 34. Rc7 {[%eval 377,0]} h4 {[%eval 352,0]} 35. gxh4 {
[%eval 407,0]} gxh4 {[%eval 404,0]} 36. Ke3 {[%eval 404,0]} Rc8 $6 {[%eval 593,
0] Inaccuracy. Kf6 was best.} (36... Kf6 37. Rd7) 37. Rxc8 {[%eval 638,0]} Nxc8
{[%eval 641,0]} 38. Kf3 {[%eval 662,0]} Ne7 {[%eval 656,0]} 39. Kg4 {[%eval
666,0]} Kf6 {[%eval 669,0]} 40. Kxh4 {[%eval 607,0]} Ng6+ {[%eval 676,0]} 41.
Kg4 {[%eval 685,0]} Nf4 {[%eval 658,0]} 42. h4 {[%eval 677,0]} Ne2 {[%eval 684,
0]} 43. h5 {[%eval 673,0]} Nd4 {[%eval 716,0]} 44. Ne3 {[%eval 715,0]} Ne2 {
[%eval 778,0]} 45. Kh4 {[%eval 777,0]} Nc3 {[%eval 814,0]} 46. Ng4+ {[%eval
815,0]} Kg7 {[%eval 826,0]} 47. f3 {[%eval 823,0]} 1-0

[Event "Kvika Reykjavik Open 2022"]
[Site "Reykjavik, Iceland"]
[Date "2022.04.09"]
[Round "5.46"]
[White "Schultze, Joerg-Martin"]
[Black "Coursaget, Nicolas"]
[Result "0-1"]
[WhiteElo "1932"]
[BlackElo "2180"]
[PlyCount "71"]
[EventDate "2022.??.??"]

1. d4 {[%eval 3,0]} d5 {[%eval 35,0]} 2. c4 {[%eval 36,0]} c6 {[%eval 28,0]} 3.
cxd5 {[%eval 13,0]} cxd5 {[%eval 19,0]} 4. Nc3 {[%eval 15,0]} Nf6 {[%eval 21,0]
} 5. Nf3 {[%eval 22,0]} Nc6 {[%eval 18,0]} 6. Bf4 {[%eval 15,0]} e6 {[%eval 28,
0]} 7. e3 {[%eval 22,0]} a6 {[%eval 61,0]} 8. Bd3 {[%eval 58,0]} Be7 {[%eval
55,0]} 9. Rc1 {[%eval 67,0]} Bd7 {[%eval 81,0]} 10. O-O {[%eval 38,0]} b5 $2 {
[%eval 157,0] Mistake. Nh5 was best.} (10... Nh5) 11. Ne5 {[%eval 136,0]} Qb6
$2 {[%eval 208,0] Mistake. Rc8 was best.} (11... Rc8 12. Qe2 O-O 13. Nxd7 Qxd7
14. a4 Nb4 15. axb5 Nxd3 16. Qxd3 axb5 17. Qxb5 Rc4 18. Qxd7) 12. a4 $2 {
[%eval 154,0] Mistake. e4 was best.} (12. e4) 12... Nxe5 $6 {[%eval 226,0]
Inaccuracy. O-O was best.} (12... O-O) 13. Bxe5 $4 {[%eval 34,0] Blunder. dxe5
was best.} (13. dxe5 Ng8) 13... O-O {[%eval 38,0]} 14. axb5 {[%eval 45,0]} axb5
{[%eval 42,0]} 15. Qb3 $6 {[%eval 14,0] Inaccuracy. Qe2 was best.} (15. Qe2 b4
16. Nb5 Bxb5 17. Bxb5 Rfc8 18. Rxc8+ Rxc8 19. Ra1 b3 20. Bd3 Ne4 21. Qg4 Bf8)
15... b4 {[%eval 37,0]} 16. Ra1 {[%eval 25,0]} Ra5 {[%eval 5,0]} 17. Na4 $4 {
[%eval -315,0] Blunder. Rfc1 was best.} (17. Rfc1) 17... Qa7 {[%eval -339,0]}
18. Bc2 $6 {[%eval -597,0] Inaccuracy. Bxf6 was best.} (18. Bxf6 Bxf6) 18...
Bb5 {[%eval -418,0]} 19. Bxf6 {[%eval -600,0]} gxf6 {[%eval -587,0]} 20. e4 {
[%eval -537,0]} Bxf1 {[%eval -546,0]} 21. Rxf1 {[%eval -539,0]} dxe4 {[%eval
-509,0]} 22. Nc5 {[%eval -593,0]} Bxc5 {[%eval -531,0]} 23. dxc5 {[%eval -691,
0]} Qxc5 {[%eval -523,0]} 24. Bxe4 {[%eval -699,0]} Qd4 {[%eval -522,0]} 25.
Bf3 {[%eval -508,0]} Rc8 {[%eval -589,0]} 26. Bb7 {[%eval -663,0]} Rd8 {
[%eval -677,0]} 27. h3 {[%eval -662,0]} Rc5 {[%eval -696,0]} 28. Ba6 {[%eval
-653,0]} Qd2 {[%eval -649,0]} 29. Bc4 {[%eval -601,0]} Rd4 {[%eval -554,0]} 30.
Qg3+ {[%eval -685,0]} Rg5 {[%eval -696,0]} 31. Qb8+ {[%eval -655,0]} Kg7 {
[%eval -633,0]} 32. b3 {[%eval -647,0]} Qc3 {[%eval -673,0]} 33. Rb1 {[%eval
-1036,0]} Qxh3 {[%eval -1012,0]} 34. g3 {[%eval -1162,0]} Rh4 {[%eval -1166,0]}
35. Qb7 {[%eval -1147,0]} Qh2+ {[%eval -1132,0]} 36. Kf1 {[%eval -1139,0]} 0-1

[Event "Kvika Reykjavik Open 2022"]
[Site "Reykjavik, Iceland"]
[Date "2022.04.09"]
[Round "5.47"]
[White "Mai, Alexander Oliver"]
[Black "Haraldsson, Haraldur"]
[Result "1-0"]
[WhiteElo "2177"]
[BlackElo "1903"]
[PlyCount "47"]
[EventDate "2022.??.??"]

1. e4 {[%eval 33,0]} c5 {[%eval 32,0]} 2. Nf3 {[%eval 0,0]} e6 {[%eval 13,0]}
3. d4 {[%eval 42,0]} cxd4 {[%eval 38,0]} 4. Nxd4 {[%eval 13,0]} Nf6 $6 {
[%eval 4,0] Inaccuracy. a6 was best.} (4... a6 5. Nc3 Qc7 6. Bd3 Nc6 7. Nxc6
bxc6 8. Qg4 d6 9. O-O) 5. Nc3 {[%eval 0,0]} Nc6 {[%eval 0,0]} 6. Nxc6 {[%eval
37,0]} bxc6 {[%eval 29,0]} 7. e5 {[%eval 32,0]} Nd5 {[%eval 48,0]} 8. Ne4 {
[%eval 58,0]} f5 {[%eval 82,0]} 9. exf6 {[%eval 101,0]} Nxf6 {[%eval 87,0]} 10.
Nd6+ {[%eval 9,0]} Bxd6 {[%eval 98,0]} 11. Qxd6 {[%eval 101,0]} Qe7 {[%eval
141,0]} 12. Bf4 {[%eval 144,0]} Ne4 {[%eval 178,0]} 13. Qxe7+ {[%eval 106,0]}
Kxe7 {[%eval 166,0]} 14. f3 {[%eval 141,0]} Nf6 {[%eval 195,0]} 15. O-O-O {
[%eval 193,0]} d5 {[%eval 203,0]} 16. Bd3 {[%eval 105,0]} Kf7 {[%eval 142,0]}
17. Rhe1 {[%eval 176,0]} Re8 {[%eval 157,0]} 18. Re3 {[%eval 133,0]} g6 {
[%eval 174,0]} 19. Rde1 $6 {[%eval 119,0] Inaccuracy. Bf1 was best.} (19. Bf1)
19... Bb7 $6 {[%eval 202,0] Inaccuracy. a5 was best.} (19... a5) 20. Bd6 $6 {
[%eval 154,0] Inaccuracy. g3 was best.} (20. g3 a5 21. Bf1 d4 22. Rb3 Ba6 23.
Bxa6 Rxa6 24. a4 Re7 25. Be5 c5 26. Rb5 Nd7) 20... Nd7 $2 {[%eval 314,0]
Mistake. a5 was best.} (20... a5 21. g4 Ba6 22. Bxa6 Rxa6 23. Rb3 Ra7 24. Bc5
Rc7 25. a4 h5 26. Bd6 Rd7 27. Be5) 21. h4 $2 {[%eval 173,0] Mistake. g3 was
best.} (21. g3) 21... c5 $4 {[%eval 601,0] Blunder. a5 was best.} (21... a5 22.
Be2 Ba6 23. Bd1 c5 24. f4 d4 25. Rh3 h5 26. g4 hxg4 27. Bxg4 Nf6 28. Bf3) 22.
Bb5 {[%eval 562,0]} Nb6 {[%eval 699,0]} 23. Bxe8+ {[%eval 717,0]} Rxe8 {
[%eval 714,0]} 24. Bxc5 {[%eval 723,0]} 1-0

[Event "Kvika Reykjavik Open 2022"]
[Site "Reykjavik, Iceland"]
[Date "2022.04.09"]
[Round "5.48"]
[White "Karason, Askell O"]
[Black "Hughes, Anthony"]
[Result "1-0"]
[WhiteElo "2166"]
[BlackElo "1869"]
[PlyCount "83"]
[EventDate "2022.??.??"]

1. d4 {[%eval 3,0]} d5 {[%eval 35,0]} 2. c4 {[%eval 36,0]} e6 {[%eval 3,0]} 3.
Nc3 {[%eval 39,0]} Nf6 {[%eval 41,0]} 4. cxd5 {[%eval 16,0]} exd5 {[%eval 37,0]
} 5. Bg5 {[%eval 35,0]} c6 {[%eval 37,0]} 6. e3 {[%eval 28,0]} h6 {[%eval 4,0]}
7. Bh4 {[%eval 29,0]} Be7 {[%eval 4,0]} 8. Qc2 {[%eval 32,0]} O-O {[%eval 0,0]}
9. Bd3 {[%eval 28,0]} Re8 {[%eval 39,0]} 10. Nge2 {[%eval 27,0]} a5 {[%eval 29,
0]} 11. O-O {[%eval 28,0]} b5 {[%eval 62,0]} 12. Rad1 {[%eval 45,0]} b4 $6 {
[%eval 100,0] Inaccuracy. Nbd7 was best.} (12... Nbd7 13. h3) 13. Na4 {[%eval
121,0]} Ne4 $6 {[%eval 197,0] Inaccuracy. Bb7 was best.} (13... Bb7 14. Nc5)
14. Bxe4 $6 {[%eval 102,0] Inaccuracy. Bxe7 was best.} (14. Bxe7) 14... Bxh4 {
[%eval 88,0]} 15. Bh7+ {[%eval 104,0]} Kh8 {[%eval 87,0]} 16. Bd3 $6 {[%eval
27,0] Inaccuracy. Bf5 was best.} (16. Bf5 Ra7) 16... Ba6 $6 {[%eval 113,0]
Inaccuracy. Be7 was best.} (16... Be7 17. Nf4) 17. Bxa6 {[%eval 113,0]} Rxa6 {
[%eval 107,0]} 18. Qd3 {[%eval 100,0]} Ra7 {[%eval 118,0]} 19. Rc1 {[%eval 93,
0]} Be7 {[%eval 99,0]} 20. Rc2 {[%eval 107,0]} Bd6 {[%eval 92,0]} 21. Ng3 {
[%eval 101,0]} g6 {[%eval 75,0]} 22. Nc5 {[%eval 42,0]} h5 {[%eval 45,0]} 23.
Rfc1 {[%eval 4,0]} Qg5 $6 {[%eval 92,0] Inaccuracy. h4 was best.} (23... h4 24.
Nf1) 24. Nf1 {[%eval 97,0]} f5 {[%eval 122,0]} 25. f3 $6 {[%eval 7,0]
Inaccuracy. Nd2 was best.} (25. Nd2) 25... Qf6 {[%eval 52,0]} 26. Rf2 {[%eval
32,0]} Qg5 {[%eval 55,0]} 27. Rfc2 {[%eval 78,0]} Qf6 {[%eval 94,0]} 28. b3 $6
{[%eval 7,0] Inaccuracy. f4 was best.} (28. f4) 28... h4 $6 {[%eval 61,0]
Inaccuracy. Kg7 was best.} (28... Kg7 29. f4) 29. Qd1 $6 {[%eval 0,0]
Inaccuracy. f4 was best.} (29. f4) 29... Bf8 $4 {[%eval 183,0] Blunder. f4 was
best.} (29... f4 30. e4 Bxc5 31. Rxc5 dxe4 32. fxe4 Rxe4 33. d5 Kg7 34. dxc6
Rc7 35. Qf3 Re6 36. R1c4) 30. Nd3 {[%eval 129,0]} Bd6 $6 {[%eval 198,0]
Inaccuracy. Rc7 was best.} (30... Rc7 31. g3 h3 32. f4 Qe6 33. Nf2 Rh7 34. Nd2
Bg7 35. Nf3 Qxe3 36. Ne5 Bxe5 37. fxe5) 31. f4 {[%eval 222,0]} Rh7 {[%eval 276,
0]} 32. Ne5 {[%eval 207,0]} Bxe5 $6 {[%eval 391,0] Inaccuracy. g5 was best.} (
32... g5 33. h3) 33. dxe5 {[%eval 333,0]} Qe6 $2 {[%eval 577,0] Mistake. Qe7
was best.} (33... Qe7 34. h3) 34. Nd2 {[%eval 614,0]} d4 {[%eval 669,0]} 35.
exd4 {[%eval 666,0]} h3 {[%eval 679,0]} 36. Nf3 {[%eval 678,0]} Qd5 {[%eval
751,0]} 37. Ng5 {[%eval 641,0]} Rd7 {[%eval 641,0]} 38. Rd2 {[%eval 604,0]} Na6
{[%eval 628,0]} 39. Qe2 {[%eval 652,0]} Nc7 {[%eval 719,0]} 40. Qd3 {[%eval
677,0]} Nb5 {[%eval 867,0]} 41. Qxh3+ {[%eval 826,0]} Kg8 {[%eval 884,0]} 42.
Rc5 {[%eval 827,0]} 1-0

[Event "Kvika Reykjavik Open 2022"]
[Site "Reykjavik, Iceland"]
[Date "2022.04.09"]
[Round "5.49"]
[White "Vemparala, Nikash"]
[Black "De Coninck, Rafael"]
[Result "1-0"]
[WhiteElo "1923"]
[BlackElo "2119"]
[PlyCount "73"]
[EventDate "2022.??.??"]

1. e4 {[%eval 33,0]} e6 {[%eval 13,0]} 2. d4 {[%eval 24,0]} d5 {[%eval 25,0]}
3. exd5 {[%eval 23,0]} exd5 {[%eval 21,0]} 4. Nf3 {[%eval 12,0]} c6 {[%eval 15,
0]} 5. Bd3 {[%eval 21,0]} Bd6 {[%eval 25,0]} 6. O-O {[%eval 1,0]} Ne7 {[%eval
13,0]} 7. Re1 {[%eval 8,0]} O-O {[%eval 21,0]} 8. c3 {[%eval 18,0]} Bf5 {
[%eval 0,0]} 9. Bg5 {[%eval 18,0]} f6 {[%eval 1,0]} 10. Bh4 {[%eval 9,0]} Bxd3
{[%eval 5,0]} 11. Qxd3 {[%eval 11,0]} Nd7 {[%eval 54,0]} 12. Bg3 {[%eval 4,0]}
Bxg3 {[%eval 46,0]} 13. hxg3 {[%eval 29,0]} Re8 {[%eval 39,0]} 14. Nbd2 {
[%eval 28,0]} Nf8 {[%eval 38,0]} 15. Nf1 {[%eval 29,0]} Qd7 {[%eval 35,0]} 16.
Ne3 {[%eval 26,0]} Nc8 {[%eval 62,0]} 17. g4 $6 {[%eval 9,0] Inaccuracy. b3
was best.} (17. b3 Ne6 18. c4 Nc7 19. c5 Re6 20. b4 Ne7 21. a4 Re8 22. g4 a6
23. g3 Re4) 17... Ng6 {[%eval 23,0]} 18. g5 $6 {[%eval 47,0] Inaccuracy. c4
was best.} (18. c4 dxc4 19. Qxc4+ Qf7 20. g5 Qxc4 21. Nxc4 Rd8 22. gxf6 gxf6
23. Ne3 Nce7 24. g3 a5) 18... fxg5 {[%eval 7,0]} 19. Nxg5 {[%eval 8,0]} Nd6 {
[%eval 16,0]} 20. Qd1 {[%eval 23,0]} h6 {[%eval 4,0]} 21. Qc2 {[%eval 39,0]}
Ne4 {[%eval 46,0]} 22. Nxe4 {[%eval 15,0]} Rxe4 {[%eval 34,0]} 23. c4 $2 {
[%eval -36,0] Mistake. f3 was best.} (23. f3) 23... Rae8 $6 {[%eval 82,0]
Inaccuracy. Nf4 was best.} (23... Nf4 24. cxd5) 24. cxd5 {[%eval 87,0]} cxd5 {
[%eval 9,0]} 25. Rac1 $2 {[%eval -155,0] Mistake. g3 was best.} (25. g3) 25...
Qe7 $4 {[%eval 11,0] Blunder. Nf4 was best.} (25... Nf4) 26. Qc7 $4 {[%eval
-232,0] Blunder. g3 was best.} (26. g3 Kh7 27. Ng2 Qf6 28. Rcd1 h5 29. Rxe4
Rxe4 30. Qd3 Kg8 31. Qb3 Rxd4 32. Rxd4 Qxd4) 26... Qg5 {[%eval -216,0]} 27. Qd7
$6 {[%eval -444,0] Inaccuracy. Red1 was best.} (27. Red1 Nf4 28. Rc2 R8e6 29.
Qxb7 Kh7 30. Qc8 Qh5 31. Rdc1 Rg6 32. Qf5 Qxf5 33. Nxf5 Ne2+) 27... Nf4 $4 {
[%eval 87,0] Blunder. R4e7 was best.} (27... R4e7 28. Qb5 Nh4 29. g3 Rf8 30.
Qb3 Nf3+ 31. Kg2 Nxe1+ 32. Rxe1 Kh8 33. Qa3 Ref7 34. Rf1) 28. Rc8 {[%eval 8,0]}
Rxe3 $4 {[%eval 153,0] Blunder. Rxc8 was best.} (28... Rxc8 29. Qxc8+) 29.
Rxe8+ {[%eval 47,0]} Kh7 {[%eval 79,0]} 30. g4 {[%eval 18,0]} Re6 $4 {[%eval
609,0] Blunder. Nh3+ was best.} (30... Nh3+) 31. R1xe6 {[%eval 600,0]} Qxg4+ {
[%eval 566,0]} 32. Kf1 {[%eval 659,0]} Qg2+ {[%eval 707,0]} 33. Ke1 {[%eval
713,0]} Qg1+ {[%eval 736,0]} 34. Kd2 {[%eval 754,0]} Qxf2+ {[%eval 776,0]} 35.
Kc3 {[%eval 786,0]} Qf1 $2 {[%eval 32750,0] Checkmate is now unavoidable. Nxe6
was best.} (35... Nxe6 36. Qxe6) 36. Rh8+ {[%eval 32752,0]} Kxh8 {[%eval 32752,
0]} 37. Re8+ {[%eval 32754,0]} 1-0

[Event "Kvika Reykjavik Open 2022"]
[Site "Reykjavik, Iceland"]
[Date "2022.04.09"]
[Round "5.50"]
[White "Finnbogadottir, Tinna Kristin"]
[Black "Bergsson, Stefan"]
[Result "0-1"]
[WhiteElo "1848"]
[BlackElo "2109"]
[PlyCount "128"]
[EventDate "2022.??.??"]

1. d4 {[%eval 3,0]} Nf6 {[%eval 23,0]} 2. Nf3 {[%eval 12,0]} g6 {[%eval 21,0]}
3. e3 {[%eval 21,0]} Bg7 {[%eval 36,0]} 4. Bd3 {[%eval 0,0]} O-O {[%eval 0,0]}
5. O-O {[%eval 0,0]} c5 {[%eval 28,0]} 6. c3 {[%eval 13,0]} d6 {[%eval 21,0]}
7. Nbd2 {[%eval 5,0]} Nc6 {[%eval 0,0]} 8. Re1 {[%eval 26,0]} e5 {[%eval 17,0]}
9. dxc5 {[%eval 15,0]} dxc5 {[%eval 28,0]} 10. Qc2 {[%eval 29,0]} Qc7 {[%eval
23,0]} 11. e4 {[%eval 16,0]} Bg4 {[%eval 46,0]} 12. Bf1 {[%eval 32,0]} Rab8 {
[%eval 45,0]} 13. g3 $6 {[%eval 51,0] Inaccuracy. h3 was best.} (13. h3) 13...
b5 {[%eval 7,0]} 14. Bg2 $6 {[%eval 75,0] Inaccuracy. h3 was best.} (14. h3)
14... Rfd8 {[%eval 75,0]} 15. Nf1 {[%eval 58,0]} h6 {[%eval 6,0]} 16. Be3 {
[%eval -89,0]} c4 {[%eval 91,0]} 17. Rad1 {[%eval -88,0]} a5 {[%eval 92,0]} 18.
h3 {[%eval -100,0]} Be6 {[%eval -76,0]} 19. a3 {[%eval 88,0]} Rdc8 {[%eval 56,
0]} 20. g4 {[%eval 48,0]} Nd7 {[%eval 12,0]} 21. Ng3 {[%eval 15,0]} Nb6 $6 {
[%eval 98,0] Inaccuracy. Ne7 was best.} (21... Ne7 22. Nf5) 22. Nh2 $2 {
[%eval 47,0] Mistake. Qc1 was best.} (22. Qc1 Rd8) 22... b4 {[%eval 27,0]} 23.
axb4 {[%eval 24,0]} axb4 {[%eval 6,0]} 24. Qc1 $6 {[%eval 8,0] Inaccuracy. Nf5
was best.} (24. Nf5 gxf5 25. exf5 Bd7 26. Qc1 Be8 27. Bxh6 f6 28. h4 Bxh6 29.
Qxh6 Qg7 30. Qc1 Ne7) 24... Kh7 $6 {[%eval 13,0] Inaccuracy. Na4 was best.} (
24... Na4 25. Nf5) 25. Bc5 $2 {[%eval -72,0] Mistake. Nf5 was best.} (25. Nf5
gxf5) 25... Bf8 $4 {[%eval 149,0] Blunder. Rd8 was best.} (25... Rd8 26. Nf5)
26. Bxf8 {[%eval 145,0]} Rxf8 {[%eval 144,0]} 27. Qe3 $4 {[%eval 8,0] Blunder.
Nf5 was best.} (27. Nf5) 27... Na4 {[%eval 47,0]} 28. Rd2 $4 {[%eval -157,0]
Blunder. Nf5 was best.} (28. Nf5) 28... bxc3 $2 {[%eval -79,0] Mistake. Qb6
was best.} (28... Qb6 29. Nf5) 29. bxc3 {[%eval -34,0]} Rb3 $2 {[%eval 48,0]
Mistake. Qb6 was best.} (29... Qb6 30. Qxb6) 30. Rc1 $6 {[%eval -72,0]
Inaccuracy. Nf5 was best.} (30. Nf5) 30... Nb4 $2 {[%eval 0,0] Mistake. Ne7
was best.} (30... Ne7 31. Nf3 Rfb8 32. Ra2 Nc5 33. Bf1 Nc8 34. Rca1 R3b7 35.
Kh2 Rb2 36. Be2 R8b3 37. Nd2) 31. Nf5 {[%eval 0,0]} gxf5 $6 {[%eval 6,0]
Inaccuracy. g5 was best.} (31... g5 32. Nf3 Rg8 33. Bf1 Nc5 34. Ne1 Na4) 32.
gxf5 {[%eval 51,0]} Bc8 $4 {[%eval 346,0] Blunder. Rg8 was best.} (32... Rg8)
33. Ng4 {[%eval 338,0]} Qc6 {[%eval 372,0]} 34. Nxe5 {[%eval 354,0]} Qa6 {
[%eval 373,0]} 35. Bf1 $4 {[%eval 3,0] Blunder. Ng4 was best.} (35. Ng4 Nd3 36.
Ra1 Ndc5 37. e5 Rxc3 38. Qe2 Re8 39. Qd1 Nd3 40. Nf6+ Qxf6 41. exf6 Re1+) 35...
Nd3 {[%eval 41,0]} 36. Nxd3 $6 {[%eval -96,0] Inaccuracy. Bxd3 was best.} (36.
Bxd3 cxd3 37. Rxd3 Qf6 38. Ng4 Qg5 39. Ra1 Qxe3 40. Rxe3 Nc5 41. Nf6+ Kg7 42.
Nh5+ Kh8) 36... cxd3 {[%eval 91,0]} 37. Bxd3 {[%eval -58,0]} Qf6 $2 {[%eval 27,
0] Mistake. Qc6 was best.} (37... Qc6 38. Kh2 Rg8 39. Bc2 Rxc3 40. Qf4 Qc7 41.
Qxc7 Rxc7 42. e5 Kh8 43. Rg1 Rxg1 44. Kxg1) 38. e5 {[%eval 37,0]} Rg8+ $2 {
[%eval 95,0] Mistake. Qg5+ was best.} (38... Qg5+ 39. Qxg5 hxg5 40. e6 Kg7 41.
Re1 Nb6 42. c4 Re8 43. c5 Nd7 44. Bc2 Rb4 45. Rd6) 39. Kf1 $4 {[%eval -21,0]
Blunder. Kh2 was best.} (39. Kh2 Qh4) 39... Qh4 {[%eval -22,0]} 40. Ra1 $4 {
[%eval -331,0] Blunder. e6 was best.} (40. e6 Nb2) 40... Rxc3 {[%eval -397,0]}
41. f6+ $6 {[%eval -538,0] Inaccuracy. e6 was best.} (41. e6 Nc5 42. exf7 Rf8
43. Kg1 Nxd3 44. Rxd3 Rxd3 45. Qxd3 Qg5+ 46. Kh2 Qf4+ 47. Qg3 Qxf5) 41... Kh8 {
[%eval -547,0]} 42. Rxa4 {[%eval -662,0]} Rc1+ {[%eval -799,0]} 43. Ke2 {
[%eval -506,0]} Qh5+ {[%eval -677,0]} 44. Qf3 {[%eval -854,0]} Re1+ {[%eval
-724,0]} 45. Kxe1 {[%eval -746,0]} Qxf3 {[%eval -856,0]} 46. Rh4 {[%eval -1077,
0]} Rg1+ {[%eval -1004,0]} 47. Bf1 {[%eval -1000,0]} Rxf1+ {[%eval -797,0]} 48.
Kxf1 {[%eval -794,0]} Bxh3+ $6 {[%eval -476,0] Inaccuracy. Qh1+ was best.} (
48... Qh1+ 49. Ke2 Ba6+ 50. Ke3 Qe1+ 51. Kd4 Qxd2+ 52. Kc5 Qxf2+ 53. Rd4 Qc2+
54. Kd6 Qc8 55. Ke7) 49. Ke1 {[%eval -582,0]} Qh1+ {[%eval -405,0]} 50. Ke2 {
[%eval -598,0]} Bf1+ {[%eval -421,0]} 51. Ke1 {[%eval -424,0]} Qxh4 {[%eval
-415,0]} 52. Kxf1 {[%eval -423,0]} Qh1+ {[%eval -599,0]} 53. Ke2 {[%eval -585,
0]} Qh5+ {[%eval -417,0]} 54. f3 {[%eval -513,0]} Qxe5+ {[%eval -566,0]} 55.
Kf2 {[%eval -546,0]} Qxf6 {[%eval -543,0]} 56. Re2 {[%eval -504,0]} h5 {
[%eval -689,0]} 57. Kg2 {[%eval -731,0]} Qg5+ {[%eval -788,0]} 58. Kf2 {
[%eval -782,0]} f5 {[%eval -772,0]} 59. Re1 {[%eval -788,0]} h4 {[%eval -705,0]
} 60. Rg1 $2 {[%eval -32719,0] Checkmate is now unavoidable. Kf1 was best.} (
60. Kf1 Qg3) 60... Qd2+ {[%eval -4492,0]} 61. Kf1 {[%eval -7299,0]} h3 {
[%eval -32733,0]} 62. f4 {[%eval -32751,0]} Qxf4+ {[%eval -32745,0]} 63. Ke2 {
[%eval -32745,0]} h2 {[%eval -32747,0]} 64. Ra1 {[%eval -32755,0]} Qe5+ {
[%eval -32757,0]} 0-1